Easiest quiz that has been put on jetpunk - Statistics

General Stats
  • This quiz has been taken 74 times
  • The average score is 18 of 19
Answer Stats
Simple questions Answer % Correct
Type G g
98%
Type 6, 9, 44, or 88 to answer this question. 6/9/44/88
97%
What language is greek? Greek
97%
Spell Jacket Jacket
97%
type 65? 65
95%
Is the UK a country or a type of cheese? A country
95%
Is fish a sea creature or a planet? A sea creature
95%
What colour is this writing? Black
95%
What does c-a-r-r-o-t spell? carrot
95%
Spell done done
95%
Was the quiz hard at all? No
95%
What is Saudi Arabia in english. Saudi Arabia
95%
If Colombia is in South America where is Colombia? South America
95%
How many grams in 154 grams 154
94%
If this quiz is 51 minutes how many minutes is this quiz? 51
94%
If you baked a cake what would you bake? A cake
94%
What country was competing in the Korean war[don't type directions] Korea
94%
If TheBerryLegend's buddy is Thefruitlegend what is theBerryLegend's buddy? Thefruitlegend
94%
If this quiz is easy then is this quiz easy? Yes/Yep/Yeah
92%
No matching quizzes found
Score Distribution
Percent of People with Each Score
Percentile by Number Answered
Your Score History
You have not taken this quiz